zpět

Detail výsledku týmu

MaxWilliam, Znojmo

Datum a čas kvízu

27 Celkem bodů Celkový počet nahraných bodů na tomto kvízu bez doplňovacích otázek.
7. Pořadí na kvízu Konečné umístění týmu na tomto kvízu.

Zaznamenané odpovědi

# Otázka Odpověď Body Výsledky
1. Premiér Fiala se při své návšt... Horáková 0
2. Ve které evropské zemi vyhrála... v Chorvatsku 0
3. Ve čtvrtek proběhlo předávání... Hella, Alena Machoninová 1
4. České vývojářské studio Warhor... Kingdom Come: Deliverance 1
5. Při závodě třídy Moto3 ve Velk... snažil se nastartovat soupeřovu motorku 1
6. Jihoafrická republika má de fa... Kapské město; Bloemfontein 0.5
7. Chemický prvek hafnium dostal... o Kodaň 0
8. Nyní vám dáme na výběr, zda si... Windhoek; Manila 0.5
9. Které malebné hlavní město lež... Tallinn 0
10. Kazachstán drží rekord v přejm... Astana; Nur-Sultan 0.5